| 000 | 00551nam a2200193Ia 4500 | ||
|---|---|---|---|
| 003 | IN-BaIIA | ||
| 008 | 211028s9999 xx 000 0 eng d | ||
| 020 | _a0-7167-0383-1 | ||
| 040 | _cIIA Library | ||
| 080 |
_a52 _bHOY |
||
| 100 |
_aHoyle, Fred _92304 |
||
| 245 | 0 |
_aTen Faces of the Universe _cFred Hoyle |
|
| 260 |
_aSan Francisco _bW. H. Freeman _c1977 |
||
| 300 | _aix, 207p. | ||
| 650 |
_aAstronomy _980 |
||
| 650 | _aAstronomy and Astrophysics Thesaurus | ||
| 650 | _aCosmology | ||
| 942 | _cBK | ||
| 999 |
_c5704 _d5704 |
||